00664nam a2200241 a 4500001001300000003000900013005001700022008004100039020001000080082001700090100001700107245002600124260003400150300000800184500003500192505001000227650002300237700001700260902000800277942000700285952011700292999001300409nice12345678IN_TiNIC20260116011257.0050524s1969 lona grp 000 0 eng  ac10000a232.963bBRO aBrown, David aCross of the Messiah. aLondon bSheldon Press c1969 a77p aincludes index and biblioraphy2 aNotes aJesus Christ-Death1 aBrown, David bSRS cBK 001040708StackRoom-aHMIbHMId2009-12-09g100.00l0o232.963 BROp03898r2020-01-21v100.00w2005-05-24yBK c112d112